[Event "Sofia CSKA op 15th"]
[Site "Sofia"]
[Date "2009.08.22"]
[Round "2"]
[White "Andreev, Stanislav"]
[Black "Manolov, Dimitar"]
[Result "1/2-1/2"]
[WhiteElo "2118"]
[BlackElo "2224"]
[PlyCount "61"]
[EventDate "2009.08.22"]
[EventType "swiss"]
[EventRounds "6"]
[EventCountry "BUL"]
[SourceTitle "CBM 131 Extra"]
[Source "ChessBase"]
[SourceDate "2009.09.03"]
[SourceVersion "2"]
[SourceVersionDate "2009.09.16"]
[SourceQuality "1"]

1. d4 d5 2. c4 e6 3. Nc3 Be7 4. Nf3 Nf6 5. cxd5 exd5 6. Qc2 c6 7. Bg5 g6 8. e3 Bf5 9. Bd3 Bxd3 10. Qxd3 Nbd7 11. 0-0 0-0 12. Rab1 Ne4 13. Bf4 Nxc3 14. Qxc3 Rc8 15. Rfd1 Re8 16. Qd2 Bf6 17. h3 a5 18. Ne1 Qb6 19. Nd3 Qa7 20. Rdc1 Be7 21. Qd1 Nb6 22. b3 Ba3 23. Rc2 Nd7 24. Bg5 Qb8 25. Qg4 Qd6 26. Nf4 Nf8 27. h4 h5 28. Qg3 Kh8 29. Qh3 Qd7 30. Qxd7 Nxd7 31. Nd3 1/2-1/2